LIBRARY & INFORMATION CENTRE, KCAET, TAVANUR

ONLINE PUBLIC ACCESS CATALOGUE (OPAC)

Text book of Sanitary Engineering / (Record no. 2864)

MARC details
000 -LEADER
fixed length control field 00381cam a2200157ua 4500
003 - CONTROL NUMBER IDENTIFIER
control field OSt
008 - FIXED-LENGTH DATA ELEMENTS--GENERAL INFORMATION
fixed length control field 250823b |||||||| |||| 00| 0 eng d
041 ## - LANGUAGE CODE
Language code of text/sound track or separate title eng
082 ## - DEWEY DECIMAL CLASSIFICATION NUMBER
Classification number 628
Item number DES/TE
100 ## - MAIN ENTRY--AUTHOR NAME
Personal name Deshpande, R S .
245 ## - TITLE STATEMENT
Title Text book of Sanitary Engineering /
250 ## - EDITION STATEMENT
Edition statement 4 /
260 ## - PUBLICATION, DISTRIBUTION, ETC. (IMPRINT)
Place of publication Poona :
Name of publisher United Book Corporation ,
Year of publication 1963.
300 ## - PHYSICAL DESCRIPTION
Number of Pages 456 ; .
942 ## - ADDED ENTRY ELEMENTS (KOHA)
Koha item type Books
Holdings
Withdrawn status Lost status Damaged status Home library Current library Date acquired Full call number Accession Number Koha item type Cost, normal purchase price
      KAUAET KAUAET 07/04/2012 628 DES/TE 3020 Books  
Withdrawn     KAUAET KAUAET 08/11/2019 628 DES/TE 3023 Books 12.50
free website counter